Meena ennum maina = (Record no. 178517)

MARC details
000 -LEADER
fixed length control field 01043aam a2200325 i 4500
001 - CONTROL NUMBER
control field vtls000872363
003 - CONTROL NUMBER IDENTIFIER
control field PNM
005 - DATE AND TIME OF LATEST TRANSACTION
control field 20200806105453.0
008 - FIXED-LENGTH DATA ELEMENTS--GENERAL INFORMATION
fixed length control field 190305s2018 ii a b 000 1 tam d
020 ## - INTERNATIONAL STANDARD BOOK NUMBER
International Standard Book Number 9788123436012
Qualifying information paperback
Terms of availability RM19.60
039 #9 - LEVEL OF BIBLIOGRAPHIC CONTROL AND CODING DETAIL [OBSOLETE]
Level of rules in bibliographic description 201903151008
Level of effort used to assign nonsubject heading access points fadzli
040 ## - CATALOGING SOURCE
Original cataloging agency PNM
Language of cataloging eng
Transcribing agency PNM
Description conventions rda
Modifying agency PPAK
049 ## - LOCAL HOLDINGS (OCLC)
Holding library klp
082 04 - DEWEY DECIMAL CLASSIFICATION NUMBER
Classification number 894.8113
Edition number 23
090 00 - LOCALLY ASSIGNED LC-TYPE CALL NUMBER (OCLC); LOCAL CALL NUMBER (RLIN)
Classification number (OCLC) (R) ; Classification number, CALL (RLIN) (NR) 894.8113
Feature heading MEE
Feature heading K
245 00 - TITLE STATEMENT
Linkage 880-01
Title Meena ennum maina =
Remainder of title Myna, also known as Meena
246 33 - VARYING FORM OF TITLE
Title proper/short title Meena ennum myna
Title proper/short title Mīṉā eṉṉum maiṉā
264 #1 - PRODUCTION, PUBLICATION, DISTRIBUTION, MANUFACTURE, AND COPYRIGHT NOTICE
Place of production, publication, distribution, manufacture Chennai, India :
Name of producer, publisher, distributor, manufacturer Nestling Books Publishing and Distributors (P) Ltd.,
Date of production, publication, distribution, manufacture, or copyright notice 2018
300 ## - PHYSICAL DESCRIPTION
Extent 16 pages :
Other physical details colour illustrations ;
Dimensions 29 cm
336 ## - CONTENT TYPE
Content type term text
Source rdacontent
337 ## - MEDIA TYPE
Media type term unmediated
Source rdamedia
338 ## - CARRIER TYPE
Carrier type term volume
Source rdacarrier
650 10 - SUBJECT ADDED ENTRY--TOPICAL TERM
Topical term or geographic name entry element Children's stories, Tamil
880 10 - ALTERNATE GRAPHIC REPRESENTATION
Linkage 245-01/$1
a மீனா என்னும் மைனா
942 ## - ADDED ENTRY ELEMENTS (KOHA)
Source of classification or shelving scheme Dewey Decimal Classification
Koha item type Book
949 ## - LOCAL PROCESSING INFORMATION (OCLC)
6 1001372296
e 2605137
6 1001372297
e 2605138
6 1001372298
e 2605139
Holdings
Withdrawn Not for loan Current library Shelving location Date acquired Full call number Barcode Date last seen Koha item type Total Checkouts Total Renewals Date last checked out
    Perpustakaan Alor Setar Pinjaman Kanak-kanak 03/09/2020 K 894.8113 MEE A01645783 03/09/2020 Book      
    Perpustakaan Kulim Pinjaman Kanak-kanak 03/09/2020 K 894.8113 MEE A01645784 19/11/2025 Book 8 1 06/10/2025